Word Ladder: Everything but ... Quiz Stats

Quiz Updated Nov 23, 2016

Challenge
Share
Tweet
Embed
Score 0/30 Timer 03:00
0 Plays Today
Hint 4-Letter Word % Correct
Unit of distanceMILE
93.9%
Dark colored burrowing animalMOLE
91.5%
Period in political officeTERM
90.4%
From sunrise to noonMORN
90.1%
What Dickens' Oliver wantedMORE
89.1%
Wavy hairstylePERM
88.7%
Sculpture: Venus de ___MILO
88%
Traditional beer measurePINT
87.9%
Cereal grass grain CORN
85.2%
Stick used by a magicianWAND
85%
Pleated tartan clothKILT
84.6%
Prefix meaning 'thousand'KILO
84.5%
Have the desire for somethingWANT
84.1%
Invent a new word or phraseCOIN
82.4%
Part of the face near the jawCHIN
81.4%
Hint 4-Letter Word % Correct
Penny or Lois, e.g.LANE
80.3%
Come down to earthLAND
80.2%
Attractively small and well shapedPERT
78.9%
Thin continuous markLINE
77.8%
Confined or restrainedPENT
76.4%
'Knight Rider' automobile KITT
75.8%
Be full or swarm withTEEM
72.1%
William ___ the YoungerPITT
71%
Archaic form of 'you'THEE
70.1%
1954 B movie with giant antsTHEM!
67%
'Legend of Zelda' protagonistLINK
62.1%
Fall down below the surfaceSINK
60.2%
Remain where one isWAIT
58.6%
Note for money that is owedCHIT
56.4%
Very small part or amountWHIT
47.9%

Today's Daily Dose

Word Ladder
'90s Movies

Quick Pick
'Fire' Movies

On This Day
June 19th II

You're not logged in!

Compare scores with friends on all Sporcle quizzes.
Join for Free
OR
Log In

You Might Also Like...

Show Comments

Extras

Top Quizzes Today


Score Distribution

Your Account Isn't Verified!

In order to create a playlist on Sporcle, you need to verify the email address you used during registration. Go to your Sporcle Settings to finish the process.

Report this User

Report this user for behavior that violates our Community Guidelines.

Details: